00653nam a2200181 i 450000100060000000300090000600500170001500700030003200800410003510000300007624500880010626000330019430000340022770000390026185200320030099900170033295201220034941037ES-MaACL20230906160348.0t|030307s1973 sp ||||1| spa d1 aCarter, Charles H.93588110aRetraso mental en el niño / cCharles H. Carter ; [versión J.L. Marti Vilalta]. aBarcelona : bJims, c[1973] aXI, 307 p. : bil. ; c25 cm.1 aMarti-Vilalta, José Luis.977242 aES-MaACLjC-53769 bR.86605 c41037d41037 00104070aATENEOMbATENEOMcDEPO2d2008-01-17eSCl0oC-53769p1043205r2023-02-23 00:00:00w2023-02-23yMONOGRAFIA